000 00551nam a2200157 a 4500
020 _a9290280638 :
040 _cDLC
082 _a633 PRE 1984 A106 Or.
100 1 _aMuchnik, José.
245 1 3 _aLa transformation du manioc :
_btechnologies autochtones /
260 _aParis :
_bAgence de coopération culturelle et technique :
_bConseil international de la langue française :
_bPresses universitaires de France [distributor],
_cc1984.
300 _axv, 172 p. :
_bill. ;
_c21 cm.
650 0 _aCassava.
700 1 _aVinck, Dominique.
942 _cEK
999 _c16525
_d16525